000 00996nam a2200277Ia 4500
003 OSt
005 20260120125659.0
008 220909b |||||||| |||| 00| 0 eng d
020 _a818749820X
037 _cReference Collections
040 _aCSL
_beng
_cCSL
041 _aeng
084 _aI:11.21.9B P1.2 RR
_qCSL
100 _aPullaiah, T.
_eauthor.
_9908935
245 0 _aFlora of Eastern Ghats
_b: Hill Ranges of South East India
260 _aNew Delhi :
_b Regency Publications ,
_c2001.
300 _a2 v. (viii, 387p.)
_b: ill.
490 _vLeguminosae
500 _aCONTENTS:V 2: Leguminosae (Fabaceae)(vii, 387p); Bibliographical references 365-372p.
650 _a Classification
_9908936
650 _a Eastern Ghats
_9908937
650 _aPlant
_9908938
700 _a Ramamurthy, K. Sri
_eco-author.
_9908939
942 _hI:11.21.9B P1.2 RR
_cREF
_2CC
_n0
999 _c99050
_d99050